Word Chain - Germany - Statistics

General Stats
  • This quiz has been taken 22,631 times
  • The average score is 18 of 25
Answer Stats
Hint Answer % Correct
Northern neighbor of Germany Denmark
97%
Alpine neighbor of Germany Switzerland
97%
Another country that borders Germany Belgium
93%
The German name for Germany Deutschland
93%
Currency of Germany Euro
93%
Northwest neighbor of Germany Netherlands
93%
Munich beer festival Oktoberfest
92%
"Communist Manifesto" co-author Marx
87%
Financial capital of Germany Frankfurt
86%
Popular Turkish food: Döner _____ Kebab
85%
German spelling of the city of Cologne Köln
76%
German word for woman Frau
75%
In German, its a panzer. In English, its a... Tank
73%
Radiation discovered by Röntgen X-ray
72%
What sauerkraut is made of Cabbage
67%
City with an umlaut on the Rhine river Düsseldorf
61%
Dog breed originally meant to hunt badgers Dachshund
60%
"Communist Manifesto" co-author Engels
52%
Hominid species that is named for a valley in Germany Neanderthal
52%
German term for an underground railroad U-Bahn
48%
Winter festival of the ancient Germanic people Yule
48%
Winner of 22 Grand Slam tennis titles Graf
46%
J.S. Bach lived his last decades in this city Leipzig
43%
One member of a famous tiger-taming duo Siegfried
32%
Crusaders of the Middle Ages: ________ Knights Teutonic
32%
No matching quizzes found
Score Distribution
Percent of People with Each Score
Percentile by Number Answered
Your Score History
You have not taken this quiz